| 000 | 00376nam a2200133Ia 4500 | ||
|---|---|---|---|
| 008 | 230917s9999||||xx |||||||||||||| ||und|| | ||
| 040 |
_e94832 _aMAIN |
||
| 041 | _aEnglish | ||
| 082 | _a370 P565C | ||
| 100 | _aPhogat, Vijay | ||
| 245 | 0 | _aComparative study of frustration among educated working women and educated non-working women in Rohtak | |
| 300 | _a55 p. | ||
| 942 | _cTH | ||
| 999 |
_c88369 _d88369 |
||